Online
Catalog
Normal view MARC view

Entry Nombre personal

Number of records used in: 32

001 - NÚMERO DE CONTROL

  • campo de control: 12149

003 - IDENTIFICADOR DEL NÚMERO DE CONTROL

  • campo de control: BNPHU

005 - FECHA Y HORA DE LA ÚLTIMA TRANSACCIÓN

  • campo de control: 20240305090858.0

008 - DATOS DE LONGITUD FIJA

  • campo de control de longitud fija: 200615|| aca||aabn | a|a d

040 ## - FUENTE DE LA CATALOGACIÓN

  • Centro catalogador/agencia de origen: DO-SdBNP
  • Lengua de catalogación: spa
  • Centro/agencia transcriptor: BNPHU
  • Normas de descripción: rda

100 1# - ENCABEZAMIENTO-NOMBRE DE PERSONA

  • Nombre de persona: Verges, Pedro,
  • Fechas asociadas al nombre: 1945-

370 ## - LUGAR ASOCIADO

  • Lugar de nacimiento: Santo Domingo (República Dominicana)

374 ## - OCUPACIÓN

  • Ocupación: Escritor
  • Ocupación: Profesor
  • Ocupación: Diplomático

375 ## - GÉNERO/SEXO

  • Género/Sexo: Masculino

377 ## - LENGUA/LENGUAJE ASOCIADO

  • Código del idioma: spa

400 1# - TRAZADO DE VÉASE--NOMBRE DE PERSONA

  • Nombre de persona: Vergés Cimán, Pedro Luciano

670 ## - FUENTE DE DATOS ENCONTRADOS

  • Cita de la fuente: Work cat.: (OSt)3891: Castellanos, Justo Pedro, 1961- 12147, Antología del pensamiento de Juan Bosch /, 1999.

670 ## - FUENTE DE DATOS ENCONTRADOS

  • Cita de la fuente: Prats-Ventós, un escultor dominicano, 1982

Powered by Koha